1235 1983 1470 1805 1443 1535 1175 1136 1308 1429 1804 1840 1005 1486 1001 1536 1835 1313 1342 1198 1373 1789 1190 1197 1025 1889 1683 1105 1174 1393 1307 1413 1447 1447 1843 1576 1379 1765 1289 1069 1588 1143 1686 1959 1840 1036 1281 1288 1175 1519 1381 1234 1458 1330 1962 1060 1357 1820 1452 1905 1131 1438 1390 1141 1462 1584 1754 1604 1818 1959 1333 1328 1223 1735 1927 1967 1580 1470 1130 1536 1271 1435 1939 1237 1973 1537 1214 1998 1013 1112 1371 1999 1483 1922 1080 1206 1579 1376 1681 BCNSPRNW ULIB Ver.6.0+V

เปลี่ยนเป็นภาษาไทย

Change to English
 แสดงรายละเอียดบรรณานุกรม
  กลับหน้าหลัก

Brief Record : Get Marc (ISO 2709) : E-mail record : QR code < ปิดหน้าต่าง
LEADER : 00000nam 2200000uu 4500
001    13399114240
003     ULIB
008    110628s||||||||th 000 0 tha d
020    9789740206019
050  4 BQ4190^bพ831ธ
100 0  พุทธทาสภิกขุ
245 10 ธรรมะคู่ชีวิต กฎบัตรพุทธบริษัท/^cพุทธทาสภิกขุ
250    พิมพ์ครั้งที่ 1
260    กรุงเทพฯ :^bมติชน,^c2553
300    229 หน้า
650  7 พุทธศาสนา
650  7 พุทธศาสนิกชน
710 1  มติชน
945    ^p200^l0^i031111
995    ทศพร
999 ^a ใช้งานได้ทุกระบบ
รายการนี้ยังไม่มีแท็ก
คุณยังไม่ได้ล็อกอิน คุณสามารถมีกิจกรรมร่วมกับเว็บไซต์ได้ แต่ต้องล็อกอินก่อน ::
  ล็อกอิน

รายการสื่อสารสนเทศ

ลำดับที่ ประเภท เลขเรียก/บาร์โค้ด สถานที่ สถานะ
- ไม่พบข้อมูล -

รายการใกล้เคียง
    ผู้แต่ง [พุทธทาสภิกขุ]

    หัวเรื่อง [พุทธศาสนา]
    หัวเรื่อง [พุทธศาสนิกชน]

BibComment


ยังไม่เคยถูกคอมเมนท์

คอมเมนท์ทรัพยากรรายการนี้
  คอมเมนท์: ธรรมะคู่ชีวิต กฎบ..


 Copyright 2026. Bcnsprnw @Library